| 000 | 01478nam0a22003131 4500 | ||
|---|---|---|---|
| 001 | rc\4620640 | ||
| 005 | 20250612133220.0 | ||
| 021 |
_aRU _b[58-36009] |
||
| 035 | _a(NLR Aleph) 008674602 | ||
| 090 |
_a9141171 _c9141171 |
||
| 100 | _a20130416d1958 |||y0rusy50 ca | ||
| 101 | 0 | _arus | |
| 102 | _aRU | ||
| 105 | _aa z ||||| | ||
| 200 | 1 |
_aСдвижение горных пород и земной поверхности в главнейших угольных бассейнах СССР _f[Общее руководство проф. С.Г. Авершин и канд. техн. наук М.В. Коротков] _gВсесоюз. науч.-исслед. маркшейдерский ин-т ВНИМИ |
|
| 210 |
_aМосква _cУглетехиздат _d1958 |
||
| 215 |
_a250 с. _cчерт. _d23 |
||
| 300 | _aАвт. частей: С.П. Колбенков, И.А. Петухов | ||
| 606 |
_aГорные породы _xСдвижение над горными выработками _2psbo |
||
| 701 | 1 |
_aКолбенков _bС.П. |
|
| 701 | 1 |
_aПетухов _bИ.А. |
|
| 702 | 1 |
_aКоротков _bМ.В. _4570 |
|
| 702 | 1 |
_4570 _7ca _8rus _aАвершин _bС. Г. _f1901-1972 _gСтепан Гаврилович _9168636 _3RU\NLR\AUTH\770168685 |
|
| 712 | 0 | 2 | _aВсесоюзный науч.-исслед. маркшейдерский ин-т |
| 801 | 0 |
_aRU _bNLR _gpsbo |
|
| 801 | 1 |
_aRU _bELAR _2rusmarc |
|
| 852 |
_aNLR _j58-5/2693 |
||
| 942 | _cBOOK | ||
| 980 | _aNB | ||